000
00325nam a22001457a 4500
008
210303b ||||| |||| 00| 0 eng d
020
_a
9781269810135
041
_a
eng
080
_a
94
082
_2
94
100
_a
16
101
_a
HIS
245
_a
Engligtenment and Romanticism Humanities
_c
Pearson
942
_2
udc
_c
BK
999
_c
55603
_d
55603